000 02403cam a2200373 i 4500
999 _c232845
_d232845
001 18040260
003 Nust
005 20170223162624.0
008 140212s2008 enka b 011 0deng
010 _a 2014342185
020 _a9781906190200
040 _aDLC
_beng
_cDLC
_erda
042 _alcode
_apcc
043 _ab------
_acc-----
050 0 0 _aF2131
_b.S55 2008
082 _a338.91
245 0 0 _aShridath Ramphal :
_bthe Commonwealth and the World : essays in honour of his 80th birthday /
_cedited by Richard Bourne.
264 1 _aLondon :
_bHansib Publications,
_c2008.
300 _ax, 206 pages, 32 unnumbered pages of plates :
_billustrations ;
_c24 cm
336 _atext
_btxt
_2rdacontent
337 _aunmediated
_bn
_2rdamedia
338 _avolume
_bnc
_2rdacarrier
504 _aIncludes bibliographical references and index.
505 0 _aShridath Ramphal - personal reflections. Me and my boss : the Sonny experience / Moni Malhoutra -- Shridath "Sonny" Ramphal : part-Asian, part-African, part Native American - but totally Caribbean / Rex Nettleford -- Ramphal and Soutern Africa. Ramphal and the independence of Zimbabwe / Patsy Robertson -- Shridath Ramphal, and his struggle for peaceful change in South Africa / S.K. Rao -- Rampahl and the Caribbean. Ramphal, the US-led invasion of Grenada, and the Commonwealth / Ronald Sanders -- Statesman of the West Indies / Anthony Payne -- The Commonwealth context, 1975-1990. Thatcher and Ramphal : a long and turbulent relationship / Derek Ingram -- Commonwealth Africa : background to the anti-apartheid struggle / Guy Arnold -- An unlucky Secretary-General : Sonny Ramphal and a 'Season of Caesars' in Commonwealth South Asia / James Manor -- A global citizen. Ramphal and the Lomé Convention / Kaye Whiteman -- Practising development cooperatioon : Ramphal's role and influence / Bishnodat Persaud -- Ramphal's work in bridging environment and development / Vincent Cable.
600 1 0 _aRamphal, S. S.
610 2 0 _aCommonwealth Secretariat.
610 2 0 _aCommonwealth (Organization)
650 0 _aStatesmen.
650 0 _aInternational economic relations.
650 0 _aPoliticians.
651 0 _aCommonwealth countries
_xPolitics and government.
700 1 _aBourne, Richard,
_d1940-
_eeditor of compilation.
906 _a7
_bcbc
_corignew
_d2
_encip
_f20
_gy-gencatlg
942 _2ddc
_cBK